Պատմվածքներ սիրո մասին / (Record no. 88825)
[ view plain ]
| 000 -LEADER | |
|---|---|
| fixed length control field | 00839nam a2200193 a 4500 |
| 001 - CONTROL NUMBER | |
| control field | 000248518 |
| 003 - CONTROL NUMBER IDENTIFIER | |
| control field | AM-YeHGA |
| 005 - DATE AND TIME OF LATEST TRANSACTION | |
| control field | 20250618071652.0 |
| 008 - FIXED-LENGTH DATA ELEMENTS--GENERAL INFORMATION | |
| fixed length control field | 030718s1973 ai 000 | arm d |
| 040 ## - CATALOGING SOURCE | |
| Original cataloging agency | AM-YeHGA |
| 090 ## - LOCALLY ASSIGNED LC-TYPE CALL NUMBER (OCLC); LOCAL CALL NUMBER (RLIN) | |
| -- | 90111 |
| 245 10 - TITLE STATEMENT | |
| Title | Պատմվածքներ սիրո մասին / |
| Statement of responsibility, etc. | Ա. Մանևիչ; Թարգմ. ռուս.՝ Ա. Շարուրյան; Խմբ.՝ Ռ. Քալաշյան; Նկ.՝ Ա. Սալտանով. |
| 260 ## - PUBLICATION, DISTRIBUTION, ETC. | |
| Place of publication, distribution, etc. | Երևան : |
| Name of publisher, distributor, etc. | Հայաստան, |
| Date of publication, distribution, etc. | 1973. |
| 300 ## - PHYSICAL DESCRIPTION | |
| Extent | 269 էջ : |
| Other physical details | նկ. ; |
| Dimensions | 20 սմ. |
| 505 0# - FORMATTED CONTENTS NOTE | |
| Formatted contents note | Երբ դու մնացիր մենակ; Կրակ բոլորի համար |
| 650 14 - SUBJECT ADDED ENTRY--TOPICAL TERM | |
| Topical term or geographic name entry element | Ռուս գրականություն |
| General subdivision | Պատմվածք |
| 9 (RLIN) | 4645 |
| 700 1# - ADDED ENTRY--PERSONAL NAME | |
| Personal name | Շարուրյան, Ալբերտ Սրապիոնի, |
| Dates associated with a name | 1931-2007 |
| Relator term | թարգմ. |
| Relationship | trl |
| 9 (RLIN) | 1314 |
| 700 1# - ADDED ENTRY--PERSONAL NAME | |
| Personal name | Քալաշյան, Ռ.Հ. |
| Relator term | խմբ. |
| Relationship | edt |
| Withdrawn status | Lost status | Damaged status | Not for loan | Collection | Home library | Current library | Date acquired | Total checkouts | Full call number | Barcode | Date last seen | Price effective from | Koha item type | Public note |
|---|---|---|---|---|---|---|---|---|---|---|---|---|---|---|
| General | Fundamental Scientific Library | Fundamental Scientific Library | 22/12/2016 | 882 | 220051356 | 22/12/2016 | 22/12/2016 | Գրքեր / Books | 30 Days Loan |
ՀՀ Գիտությունների ազգային ակադեմիայի հիմնարար գիտական գրադարան = Fundamental Scientific Library of NAS RA
All site content, except where otherwise noted, is licensed under a